Business Organization and Management (Record no. 4824)

MARC details
000 -LEADER
fixed length control field 00304nam a2200121Ia 4500
008 - FIXED-LENGTH DATA ELEMENTS--GENERAL INFORMATION
fixed length control field 191201s1999 xx 000 0 und d
100 ## - MAIN ENTRY--PERSONAL NAME
Personal name JAIN,D.P
245 #0 - TITLE STATEMENT
Title Business Organization and Management
260 ## - PUBLICATION, DISTRIBUTION, ETC. (IMPRINT)
Place of publication, distribution, etc N. delhi
Name of publisher, distributor, etc Vrinda Publications
Date of publication, distribution, etc 1999
300 ## - PHYSICAL DESCRIPTION
Extent 824
650 ## - SUBJECT ADDED ENTRY--TOPICAL TERM
Topical term or geographic name as entry element BBA
942 ## - ADDED ENTRY ELEMENTS (KOHA)
Source of classification or shelving scheme Dewey Decimal Classification
Koha item type Text Books
942 ## - ADDED ENTRY ELEMENTS (KOHA)
-- 10
Holdings
Withdrawn status Lost status Source of classification or shelving scheme Damaged status Not for loan Collection code Home library Current library Date acquired Source of acquisition Cost, normal purchase price Bill Number Total Checkouts Full call number Acc. no. / Barcode Date last seen Date last borrowed Bill Date Koha item type Public note
    Dewey Decimal Classification     BBA PIET C-LIBRARY PIET C-LIBRARY 16/02/2011 J B C, New Delhi 250.00 IS2009 RS 187.50 2 658.4 JAB 17298 11/01/2023 29/12/2022 15/02/2011 Text Books .
    Dewey Decimal Classification     BBA PIET C-LIBRARY PIET C-LIBRARY 16/02/2011 J B C, New Delhi 250.00 IS2009 RS 187.50 2 658.4 JAB 17299 17/01/2023 02/01/2023 15/02/2011 Text Books  
    Dewey Decimal Classification     BBA PIET C-LIBRARY PIET C-LIBRARY 16/02/2011 J B C, New Delhi 250.00 IS2009 RS 187.50 3 658.4 JAB 17300 18/01/2023 04/01/2023 15/02/2011 Text Books  
    Dewey Decimal Classification     BBA PIET C-LIBRARY PIET C-LIBRARY 25/02/2011 J B C, New Delhi 250.00 IS2009 Rs. 187.50 3 658.4 JAB 17372 09/01/2023 02/01/2023 15/02/2011 Text Books  
    Dewey Decimal Classification     MBA PIET C-LIBRARY PIET C-LIBRARY 06/04/2012 IBH, New Delhi 250.00 21407   658.4 JAB 19206 04/12/2019   31/03/2012 Text Books  
    Dewey Decimal Classification     MBA PIET C-LIBRARY PIET C-LIBRARY 06/04/2012 IBH, New Delhi 250.00 21407   658.4 JAB 19207 04/12/2019   31/03/2012 Text Books Price Paid

Design & Developed by: PIET Central Library
R70 Miles Stone Pattikalyana Samalkha Panipat 132102
mail ID :- [email protected], Phone No:- 0180-2569700 Ex.216